| 000 | 00985nam a2200265 i 4500 | ||
|---|---|---|---|
| 001 | 147478 | ||
| 003 | ES-MaACL | ||
| 005 | 20240415143504.0 | ||
| 007 | t| | ||
| 008 | 071001q1972 sp ||||1| spa d | ||
| 100 | 1 |
_aUnamuno, Miguel de, _d1864-1936 _9111982 |
|
| 245 | 1 | 0 |
_aCartas (1903-1933) / _cMiguel de Unamuno-Luis de Zulueta ; recopilación, prólogo y notas de Carmen de Zulueta ; [nota biográfica de A. Jiménez-Landi]. |
| 250 | _a1ª ed. | ||
| 260 |
_aMadrid : _bAguilar, _c1972. |
||
| 300 |
_a378 p. : _bil. ; _c20 cm. |
||
| 490 | 1 | _aEnsayistas hispánicos | |
| 600 | 1 | 7 |
_aUnamuno, Miguel de, _d1864-1936- _vCorrespondencia _2 _9168906 |
| 600 | 1 | 4 |
_aZulueta, Luis de, _d1878-1964 _9118478 |
| 700 | 1 |
_aZulueta, Luis de, _d1878-1964 _9118478 |
|
| 700 | 1 |
_aZulueta, Carmen de, _d1916-2010 _9118472 |
|
| 700 | 1 |
_aJiménez-Landi Martínez, Antonio. _966543 |
|
| 830 | 1 |
_aEnsayistas hispánicos _9181410 |
|
| 852 |
_aES-MaACL _jC-43531 |
||
| 999 |
_c147478 _d147478 |
||